| 000 | 03299cam a2200649 4500 | ||
|---|---|---|---|
| 999 |
_c372393 _d372393 |
||
| 001 | 1799901769 | ||
| 003 | DE-627 | ||
| 005 | 20230426121307.0 | ||
| 007 | tu | ||
| 008 | 220420s2023 au ||||| 00| ||ger c | ||
| 015 |
_a22,N16 _2dnb |
||
| 016 | 7 |
_a1255389109 _2DE-101 |
|
| 020 |
_a9783412525880 _cFesteinband : EUR 50.00 (DE), EUR 52.00 (AT) |
||
| 024 | 3 | _a9783412525880 | |
| 028 | 5 | 2 | _aBVK0016153 |
| 035 | _a(DE-627)1799901769 | ||
| 035 | _a(DE-599)DNB1255389109 | ||
| 035 | _a(OCoLC)1311491745 | ||
| 040 |
_aDE-627 _bger _cDE-627 _erda _dDE-2950 |
||
| 041 | _ager | ||
| 044 |
_cXA-AT _cXA-DE-NW |
||
| 082 | 0 | 4 |
_a940 _qDE-101 |
| 084 |
_aKUNST _qDE-16 _2fid |
||
| 084 |
_aNP 1330 _qDE-24/23sred _2rvk _0(DE-625)rvk/127389: |
||
| 084 |
_a21.73 _2bkl |
||
| 090 | _aa | ||
| 245 | 1 | 4 |
_aDie Kurstadt als urbanes Phänomen: _bKonsum, Idylle und Moderne/ _cherausgegeben von Andreas Pühringer & Martin Scheutz. |
| 264 | 1 |
_aWien; _aKöln: _bBöhlau Verlag, _c2023. |
|
| 300 |
_a509 Seiten: _bIllustrationen, Karten (farbig, schwarzweiß) |
||
| 336 |
_aText _btxt _2rdacontent |
||
| 337 |
_aohne Hilfsmittel zu benutzen _bn _2rdamedia |
||
| 338 |
_aBand _bnc _2rdacarrier |
||
| 490 | 1 |
_aStädteforschung _aReihe A, Darstellungen _vBand 104 |
|
| 500 | _aLiteratur und gedruckte Quellen Seiten [459]-494 | ||
| 520 | _aKurstädte standen lange im Schatten der Stadtgeschichtsforschung: zu klein, zu idyllisch und in ihrer Bedeutsamkeit oszillierend. Eine vergleichende Perspektive auf Kurstädte enthüllt rasch, dass sie äusserst vielschichtige, ja sogar widersprüchliche Orte des entstehenden Tourismus waren. Kurstädte siedelten sich im Spannungsfeld von ländlicher Idylle und städtischer Moderne bzw. von Entsagung und Überfluss an: Kneippkuren standen neben rauschenden Theaterabenden, reiche Industrielle neben Armenbadbesuchern. Dieser Stadttypus galt als Experimentierfeld der urbanen Moderne, wo man bald zentralisierte Schlachthöfe, Fotografen und Telegrafen antraf. Kurstädte waren auch Orte der politischen Auseinandersetzung, des entstehenden Rassismus und der Fremdenfeindlichkeit | ||
| 650 | 4 | _aEuropean history | |
| 650 | 4 | _aEuropäische Geschichte | |
| 650 | 4 | _aHISTORY / Europe / Germany | |
| 650 | 4 | _aHISTORY / Social History | |
| 650 | 4 | _aSOCIAL SCIENCE / Sociology / Urban | |
| 650 | 4 | _aSocial & cultural history | |
| 650 | 4 | _aSozial- und Kulturgeschichte | |
| 650 | 4 | _aStädte, Stadtgemeinden | |
| 650 | 4 | _aUrban communities | |
| 651 | 4 | _aDeutschland | |
| 651 | 4 | _aGermany | |
| 655 | 7 |
_aAufsatzsammlung _0(DE-588)4143413-4 _0(DE-627)105605727 _0(DE-576)209726091 _2gnd-content |
|
| 951 | _aBO | ||
| 700 | 1 |
_aPühringer, Andrea _d1962- _eHerausgeberIn _0(DE-588)172723388 _0(DE-627)697655458 _0(DE-576)185037437 _4edt |
|
| 700 | 1 |
_aScheutz, Martin _d1967- _eHerausgeberIn _0(DE-588)136222218 _0(DE-627)577725165 _0(DE-576)177156856 _4edt |
|
| 710 | 2 |
_aBöhlau-Verlag _eVerlag _0(DE-588)2005806-8 _0(DE-627)101534051 _0(DE-576)191613037 _4pbl |
|
| 830 | 0 |
_aStädteforschung / A _vBand 104 _9104 _w(DE-627)130159506 _w(DE-576)015701735 _w(DE-600)517592-6 _x2748-4564 |
|
| 856 | 4 | 2 |
_uhttp://www.dietmardreier.de/annot/4B56696D677C7C39353737373530357C7C434F50.jpg?sq=3 _zlizenzpflichtig _3Cover |
| 936 | r | v | _aNP 1330 |
| 936 | b | k | _a21.73 |
| 942 |
_2z _cB |
||